Test de física: cinemática, ondas, gráficos, calor, mecánica, óptica, electricidad
Salvato in:
| Autore principale: | |
|---|---|
| Natura: | Libro |
| Lingua: | spagnolo |
| Pubblicazione: |
Santiago
Universitaria
1980
|
| Edizione: | 7a. ed |
| Soggetti: | |
| Tags: |
Aggiungi Tag
Nessun Tag, puoi essere il primo ad aggiungerne!!
|
MARC
| LEADER | 00000nam a2200000 a 4500 | ||
|---|---|---|---|
| 001 | UCT1988 | ||
| 003 | CL-VaPUC | ||
| 008 | 961004e19800600CL |||||||||||||||||spa|d | ||
| 082 | 0 | 4 | |a 530 |b MER |2 21 |
| 100 | |a Mercado Schüler, Carlos |e autor |9 544273 | ||
| 245 | 1 | 0 | |a Test de física: cinemática, ondas, gráficos, calor, mecánica, óptica, electricidad |
| 250 | |a 7a. ed | ||
| 300 | |a 136 p | ||
| 942 | |c BK | ||
| 945 | |d 19961004 00:00:00 |a paguirre | ||
| 260 | |a Santiago |b Universitaria |c 1980 | ||
| 650 | 0 | |a Física |9 227844 | |
| 650 | 0 | |a Cinemática |9 260942 | |
| 650 | 0 | |a Calor específico |9 259409 | |
| 650 | 0 | |a Mecánica |9 260096 | |
| 650 | 0 | |a Optica |9 263171 | |
| 650 | 0 | |a Electricidad |9 260222 | |
| 583 | |a last modification |c 19961004 00:00:00 |k Rodrigo Vera | ||
| 999 | |c 252296 |d 252294 | ||